[Event "Paris-ch op"]
[Site "Paris"]
[Date "1992.??.??"]
[Round "7"]
[White "Garabedian, Vahakn"]
[Black "Ladisic, Alex Sacha"]
[Result "0-1"]
[WhiteElo "2255"]
[BlackElo "2205"]
[PlyCount "62"]
[EventDate "1992.04.??"]
[EventType "swiss"]
[EventRounds "9"]
[EventCountry "FRA"]
[SourceTitle "EXT 1997"]
[Source "ChessBase"]
[SourceDate "1996.11.15"]
[SourceVersion "1"]
[SourceVersionDate "1996.11.15"]
[SourceQuality "1"]

1. d4 Nf6 2. Nf3 g6 3. c4 Bg7 4. Bg5 0-0 5. e3 Ne4 6. Bf4 c5 7. Bd3 f5 8. Nc3 Nc6 9. Qb3 d6 10. Nxe4 fxe4 11. Bxe4 cxd4 12. c5+ Kh8 13. 0-0 Na5 14. Qd5 Bf5 15. Bxf5 Rxf5 16. Qe6 dxc5 17. Ne5 Qg8 18. Qxe7 Re8 19. Qc7 b6 20. Nf3 Rf7 21. Qd6 Nc4 22. Qd5 Nxb2 23. Ne5 Rfe7 24. Qxg8+ Kxg8 25. exd4 cxd4 26. Nf3 d3 27. Rac1 Re4 28. Be3 Nc4 29. Bd2 b5 30. Rfd1 Re2 31. Kf1 Nxd2+ 0-1

[Event "Paris-ch op"]
[Site "Paris"]
[Date "1992.??.??"]
[Round "5"]
[White "Garabedian, Vahakn"]
[Black "Nuvoloni, Dominique"]
[Result "1/2-1/2"]
[WhiteElo "2255"]
[BlackElo "2205"]
[PlyCount "89"]
[EventDate "1992.04.??"]
[EventType "swiss"]
[EventRounds "9"]
[EventCountry "FRA"]
[SourceTitle "EXT 1997"]
[Source "ChessBase"]
[SourceDate "1996.11.15"]
[SourceVersion "1"]
[SourceVersionDate "1996.11.15"]
[SourceQuality "1"]

1. d4 Nf6 2. Nf3 e6 3. Bg5 d5 4. e3 Be7 5. Nbd2 0-0 6. Bd3 c5 7. c3 Nc6 8. 0-0 Nd7 9. Bxe7 Qxe7 10. e4 dxe4 11. Bxe4 cxd4 12. Nxd4 Nxd4 13. cxd4 Nf6 14. Bf3 Rd8 15. Nb3 Rb8 16. Re1 b6 17. Rc1 Bb7 18. h3 Bd5 19. Bxd5 Rxd5 20. Rc6 Rbd8 21. Qc2 h6 22. Rc1 Ne8 23. Rc8 Qg5 24. Qc6 Qe7 25. Qa8 Kh7 26. Rxd8 Rxd8 27. Qe4+ Kg8 28. Rc3 Nd6 29. Qe5 Nf5 30. Rc7 Rd7 31. Rc8+ Rd8 32. Qb8 Rxc8 33. Qxc8+ Kh7 34. Qc2 g6 35. Qc4 Qg5 36. Qc7 Qe7 37. Qe5 Qd7 38. Qf6 Kg8 39. g4 Ne7 40. Qf4 Qa4 41. Qb8+ Kg7 42. Qe5+ Kg8 43. Qb8+ Kg7 44. Qe5+ Kg8 45. Qb8+ 1/2-1/2

[Event "Paris-ch op"]
[Site "Paris"]
[Date "1992.??.??"]
[Round "4"]
[White "Tagnon, Nicole"]
[Black "Garabedian, Vahakn"]
[Result "1/2-1/2"]
[WhiteElo "2120"]
[BlackElo "2255"]
[PlyCount "49"]
[EventDate "1992.04.??"]
[EventType "swiss"]
[EventRounds "9"]
[EventCountry "FRA"]
[SourceTitle "EXT 1997"]
[Source "ChessBase"]
[SourceDate "1996.11.15"]
[SourceVersion "1"]
[SourceVersionDate "1996.11.15"]
[SourceQuality "1"]

1. e4 g6 2. d4 c6 3. Nc3 d6 4. h4 h5 5. Nh3 Nd7 6. Ng5 Nh6 7. Be2 e5 8. Be3 Bg7 9. Qd2 Qe7 10. f3 exd4 11. Bxd4 Bxd4 12. Qxd4 Qe5 13. 0-0-0 Qxd4 14. Rxd4 Ke7 15. Rhd1 f6 16. Nh3 Nf7 17. Bc4 Nde5 18. Bxf7 Nxf7 19. Nf4 Rh6 20. Rh1 Bd7 21. Nce2 Rd8 22. Ng3 Bc8 23. Nf1 Rdh8 24. Nh3 Rd8 25. Nf4 1/2-1/2

[Event "Cannes op"]
[Site "Cannes"]
[Date "1990.??.??"]
[Round "8"]
[White "Garabedian, Vahakn"]
[Black "Moulain, Jean Pierre"]
[Result "1/2-1/2"]
[WhiteElo "2140"]
[BlackElo "2280"]
[PlyCount "138"]
[EventDate "1990.02.??"]
[EventType "swiss"]
[EventRounds "9"]
[EventCountry "FRA"]
[SourceTitle "EXT 1997"]
[Source "ChessBase"]
[SourceDate "1996.11.15"]
[SourceVersion "1"]
[SourceVersionDate "1996.11.15"]
[SourceQuality "1"]

1. d4 Nf6 2. c4 c5 3. d5 d6 4. Nc3 e5 5. dxe6 Bxe6 6. e4 Be7 7. Nf3 Bg4 8. Be2 Nc6 9. Be3 0-0 10. 0-0 Re8 11. Nd2 Bxe2 12. Qxe2 Bf8 13. f3 a6 14. Nb3 h6 15. Rad1 Qe7 16. a3 Rab8 17. Rd2 Na7 18. Rfd1 Nc8 19. Bf4 Qc7 20. Nd5 Nxd5 21. Rxd5 b6 22. Qd3 Re6 23. Bg3 Rb7 24. Qd2 Qc6 25. h3 Qa4 26. Qc3 b5 27. cxb5 axb5 28. Nc1 Nb6 29. R5d2 Nc4 30. Rd5 Qa6 31. Re1 g6 32. f4 Bg7 33. e5 Qc6 34. Qf3 dxe5 35. fxe5 Nxb2 36. Re2 Nc4 37. Nd3 Rd7 38. Rxd7 Qxd7 39. Nxc5 Qd4+ 40. Bf2 Qd1+ 41. Re1 Qxf3 42. gxf3 Rxe5 43. Rb1 Nxa3 44. Rb3 Bf8 45. Nd3 Rf5 46. Kg2 Nc4 47. f4 Bd6 48. Kg3 Nd2 49. Rb2 Ne4+ 50. Kg4 h5+ 51. Kf3 Nxf2 52. Rxf2 Bxf4 53. Ke4 Bd6 54. Rxf5 gxf5+ 55. Kxf5 Be7 56. Nc1 Kf8 57. Ke5 Ke8 58. Kd5 Kd7 59. Nd3 Bd6 60. Nf2 f5 61. Nd3 Ke7 62. Ne1 b4 63. Nd3 Kd7 64. Nxb4 Bc7 65. Kd4 Ke6 66. Ke3 Bd6 67. Nd3 Kf6 68. Ne1 Bg3 69. Ng2 Bc7 1/2-1/2

[Event "Cannes op"]
[Site "Cannes"]
[Date "1990.??.??"]
[Round "2"]
[White "Mollaoglu, Ergin"]
[Black "Garabedian, Vahakn"]
[Result "1/2-1/2"]
[WhiteElo "2365"]
[BlackElo "2140"]
[PlyCount "111"]
[EventDate "1990.02.??"]
[EventType "swiss"]
[EventRounds "9"]
[EventCountry "FRA"]
[SourceTitle "EXT 1997"]
[Source "ChessBase"]
[SourceDate "1996.11.15"]
[SourceVersion "1"]
[SourceVersionDate "1996.11.15"]
[SourceQuality "1"]

1. d4 Nf6 2. Nf3 g6 3. c4 Bg7 4. Nc3 0-0 5. Bg5 h6 6. Bh4 d6 7. e3 Nbd7 8. Qc2 c6 9. Be2 Qc7 10. 0-0 e5 11. b4 g5 12. Bg3 Re8 13. dxe5 dxe5 14. Nd2 Nf8 15. Rad1 Qe7 16. a3 Bg4 17. Bxg4 Nxg4 18. c5 h5 19. h3 Nh6 20. Nc4 Red8 21. Nd6 Rd7 22. Qe2 h4 23. Bh2 f5 24. b5 Ne6 25. bxc6 bxc6 26. Qa6 Rc7 27. Qa5 Rd7 28. Rd2 Rad8 29. Rfd1 Kh7 30. Na4 g4 31. hxg4 fxg4 32. Qb4 Ng5 33. Nc3 Qe6 34. Nce4 Nxe4 35. Qxe4+ Qg6 36. Qxg6+ Kxg6 37. Kf1 Nf5 38. Ke2 Nxd6 39. cxd6 Kf5 40. f3 g3 41. e4+ Ke6 42. Bg1 Bf8 43. Rc2 Rc8 44. Rdc1 Rb7 45. f4 exf4 46. Kf3 Bxd6 47. Rxc6 Rxc6 48. Rxc6 Rb3+ 49. Kg4 Rxa3 50. Bc5 Rd3 51. Bxa7 Ke5 52. Rc4 Ra3 53. Bd4+ Ke6 54. Kxh4 Ra2 55. Kh3 Re2 56. Bc5 1/2-1/2

[Event "FRA-chT 8788"]
[Site "France"]
[Date "1987.10.25"]
[Round "2"]
[White "Jasinczuk, Jean"]
[Black "Garabedian, Vahakn"]
[Result "0-1"]
[WhiteElo "2130"]
[BlackElo "2240"]
[PlyCount "48"]
[EventDate "1987.10.24"]
[EventType "team-match"]
[EventRounds "11"]
[EventCountry "FRA"]
[SourceTitle "EXT 2005"]
[Source "ChessBase"]
[SourceDate "2004.11.15"]
[SourceVersion "1"]
[SourceVersionDate "2004.11.15"]
[SourceQuality "1"]
[WhiteTeam "Zoo Porte Doree"]
[BlackTeam "Issy les Moulineaux"]
[WhiteTeamCountry "FRA"]
[BlackTeamCountry "FRA"]

1. Nf3 d5 2. c4 d4 3. g3 c5 4. b4 Qc7 5. Bg2 e5 6. 0-0 Nf6 7. b5 Bd6 8. d3 0-0 9. a4 a6 10. Na3 Bf5 11. Nd2 Re8 12. Ne4 Nxe4 13. dxe4 Be6 14. Qd3 Qd7 15. f4 f6 16. f5 Bf7 17. g4 axb5 18. axb5 Qd8 19. h4 Be7 20. Bd2 Nd7 21. Qg3 Nb6 22. Rac1 d3 23. exd3 Rxa3 24. Bc3 Rxc3 0-1